Statistics for Five Closest Countries by World Capital #1

Click here to take the quiz!

General Stats

  • This quiz has been taken 761 times
    (196 since last reset)
  • The average score is 34 of 40

Answer Stats

Capital City Country % Correct
ParisBelgium
98%
ParisLuxembourg
96%
ParisGermany
96%
ParisUnited Kingdom
96%
BangkokLaos
95%
BangkokVietnam
94%
ParisNetherlands
94%
IslamabadIndia
94%
SantiagoBrazil
94%
SantiagoArgentina
94%
BangkokCambodia
94%
Guatemala CityHonduras
92%
SantiagoParaguay
92%
SantiagoUruguay
92%
BangkokBurma
92%
SantiagoBolivia
91%
Guatemala CityMexico
90%
IslamabadAfghanistan
89%
Guatemala CityEl Salvador
89%
BucharestBulgaria
88%
Guatemala CityNicaragua
86%
Guatemala CityBelize
86%
BangkokMalaysia
86%
IslamabadChina
86%
PretoriaLesotho
86%
BucharestUkraine
86%
BissauGuinea
85%
PretoriaBotswana
82%
PretoriaMozambique
81%
BucharestMoldova
81%
PretoriaEswatini
80%
PretoriaZimbabwe
80%
BissauSenegal
79%
BucharestSerbia
79%
BissauSierra Leone
76%
IslamabadTajikistan
74%
BissauGambia
73%
BucharestTurkey
72%
BissauMali
69%
IslamabadUzbekistan
65%

Score Distribution

Percentile by Number Answered

Percent of People with Each Score

Your Score History

You have not taken this quiz since the last reset